| 000 | 00435nam a2200169Ia 4500 | ||
|---|---|---|---|
| 008 | 230714s9999 xx 000 0 und d | ||
| 020 | _a9790000000000 | ||
| 041 | _aeng | ||
| 082 |
_a005.1'4 _bGUP |
||
| 100 |
_aGupta R. _9108128 |
||
| 245 | _aTest Automation And QTP | ||
| 260 |
_c2012 _bPearson |
||
| 300 | _a650 | ||
| 365 |
_cRs. _b650.00 |
||
| 700 |
_aGupta R. _9108128 |
||
| 906 |
_dO:0282902-May-2012B:308518-Apr-2012 _cIT _b390 |
||
| 999 |
_c206252 _d206252 |
||